000 00627nam a2200193 i 4500
001 bg
245 0 0 _aDostosowanie prawa polskiego do prawa Unii Europejskiej.
_nT.1 /
_cUrząd Komitetu Integracji Europejskiej.
260 _aWarszawa :
_bUKIE,
_c2001.
300 _a68 s. ;
_c30 cm.
490 1 _aBiuletyn ;
_vnr 1
650 9 _aZamówienia publiczne
_xprawo wspólnotowe europejskie
_ystan na 2001 r.
650 9 _aZamówienia publiczne
_xprawo
_zPolska
_ystan na 2001 r.
830 _aBiuletyn ;
040 _cBPK
041 0 _apl
080 _a351.712(438:4-67)
942 _cKS
008 s pl f |000 0 pol
999 _c40173
_d40173
856 _uhttp://koha.tu.koszalin.pl/cgi-bin/koha/opac-detail.pl?biblionumber=40173
_yKatalog online BPK